[Event "Mexican op 67th"]
[Site "Chihuahua City"]
[Date "2022.04.15"]
[Round "6"]
[White "Lopez Raygoza, Luis Alberto"]
[Black "Almendarez Verdin, Manuel Adan"]
[Result "1-0"]
[WhiteElo "2210"]
[BlackElo "1662"]
[PlyCount "111"]
[EventDate "2022.04.12"]
[EventType "swiss"]
[EventRounds "9"]
[EventCountry "MEX"]
[SourceTitle "CBM 207 Extra"]
[Source "ChessBase"]
[SourceDate "2022.05.31"]
[SourceVersion "1"]
[SourceVersionDate "2022.05.31"]
[SourceQuality "1"]

1. e4 e6 2. d4 d5 3. Bd3 dxe4 4. Bxe4 Nf6 5. Bf3 c5 6. Ne2 Nc6 7. Be3 cxd4 8. Nxd4 Nxd4 9. Qxd4 Qxd4 10. Bxd4 Be7 11. Nc3 0-0 12. 0-0-0 Nd7 13. Nb5 Bc5 14. Bxc5 Nxc5 15. b4 Nd7 16. Rhe1 a5 17. Nd6 Nf6 18. b5 Rb8 19. b6 Ra8 20. g4 Nd5 21. Bxd5 exd5 22. Nxc8 Raxc8 23. Rxd5 Rc6 24. Rxa5 Rxb6 25. Re7 Rf6 26. Rf5 Ra6 27. Rxb7 Rxa2 28. Kb1 Ra4 29. f3 g6 30. Rfb5 Rf4 31. Rb3 Kg7 32. R7b4 Rf6 33. Rb6 Rf4 34. Kc1 Rd8 35. R6b4 Rf6 36. Re4 Rfd6 37. Re2 Ra8 38. Rd3 Rc6 39. Kd2 Ra2 40. Rc3 Rxc3 41. Kxc3 Ra3+ 42. Kd4 Rxf3 43. c4 Rf4+ 44. Kd5 Rxg4 45. c5 Rg1 46. Rc2 Rd1+ 47. Ke5 Kf8 48. c6 Rd8 49. c7 Rc8 50. Kd6 f5 51. Kd7 Rxc7+ 52. Rxc7 Kf7 53. Kd6+ Kf6 54. Rxh7 f4 55. Kd5 Kf5 56. Rf7+ 1-0

[Event "Mexican op 67th"]
[Site "Chihuahua City"]
[Date "2022.04.13"]
[Round "2"]
[White "Palma Villanueva, Miguel Ta"]
[Black "Almendarez Verdin, Manuel Adan"]
[Result "0-1"]
[WhiteElo "2157"]
[BlackElo "1662"]
[PlyCount "90"]
[EventDate "2022.04.12"]
[EventType "swiss"]
[EventRounds "9"]
[EventCountry "MEX"]
[SourceTitle "CBM 207 Extra"]
[Source "ChessBase"]
[SourceDate "2022.05.31"]
[SourceVersion "1"]
[SourceVersionDate "2022.05.31"]
[SourceQuality "1"]

1. e4 e5 2. Nf3 Nc6 3. Bb5 f5 4. exf5 e4 5. Ng1 Qg5 6. g4 Qh4 7. d4 Nf6 8. Be2 h5 9. Bf4 hxg4 10. Nc3 Bb4 11. a3 Bxc3+ 12. bxc3 d6 13. Rb1 Qh5 14. Qd2 Qxf5 15. Rb5 Qd7 16. Bf1 a6 17. Rb1 Qf7 18. Bg2 Qa2 19. Qc1 Qc4 20. Qe3 Ne7 21. Ne2 Ned5 22. Qd2 b5 23. 0-0 Bb7 24. Rfe1 0-0 25. Bg3 Rae8 26. Rb3 Nb6 27. Nf4 Qf7 28. Bf1 d5 29. Ng2 Nc4 30. Qg5 Bc8 31. Bf4 Nh5 32. Be3 g3 33. hxg3 Re6 34. Be2 Nxe3 35. Qxe3 Rf6 36. Rf1 Bh3 37. Rbb1 Bxg2 38. Kxg2 Rf3 39. Bxf3 exf3+ 40. Kh2 Qg6 41. Rfe1 Nf4 42. Kg1 Qh5 43. Rbd1 Nh3+ 44. Kf1 Ng5 45. Kg1 Qh3 0-1